00333nam a2200121Ia 4500008004100000040001600041041001200057082001500069100002000084245006300104260003300167300001100200230917s9999||||xx |||||||||||||| ||und|| e80788aMAIN aEnglish a342.7 H27S aHasan, Shariful 0aSupreme court: fundamental rights and directive principles aNew DelhibDeep & Deepc1981 a120 p.